000 00695cam a22002417a 4500
999 _c3135
_d3135
001 12116852
003 GBCCL
005 20241126110448.0
008 000724s1999 cau 000 0 eng
010 _a 00698155
020 _a0830725121
040 _aDLC
_cDLC
050 0 0 _aMLCS 2003/05451 (B)
082 _a242.2
_bHIL
100 1 _aHill, Stephen,
_d1954-
_96423
245 1 0 _aDaily awakenings :
_ba devotional /
_cStephen Hill.
260 _aVentura, Calif. :
_bRegal Books,
_cc1999.
300 _a1 v. (unpaged) ;
_c22 cm.
650 _aDevotional
_96484
906 _a7
_bcbc
_corignew
_d4
_encip
_f20
_gy-gencatlg
942 _2ddc
_cBK